000
00297 a2200133 4500
005
20250709070643.0
020
_a
978-0-946162-89-5
082
_a
823 AND
100
_a
ANDERSEN, C. H.
245
_a
The Ice Virgin
260
_a
London
_b
Angel Books
_c
2016
300
_a
90p.
_c
19cm
942
_2
ddc
_c
BKS
999
_c
6618
_d
6618